000 00597nam a22001697a 4500
999 _c62064
_d62064
005 20240702121401.0
008 240702s2018 enk||||| |||| 00| 0 eng d
020 _a9781506328614x
041 _aeng
080 _a174 L-20
100 _aLahman, Maria K. E.
_922647
245 _aEthics in Social Science Research:
_bBecoming Culturally Responsive /
_cMaria K. E. Lahman.
264 _aLos Angeles :
_b SAGE,
_c2018.
300 _a290 p.;
_b23 cm.
653 _aეთიკა სოციალურ მეცნიერებათა კვლევაში
942 _2udc
_cᲬᲘᲒᲜᲘ